Η σύνθεση της εργατικής τάξης στην Ελλάδα και το ζήτημα της συνδικαλιστικής εκπροσώπησης

Saved in:
Bibliographic Details
Main Author: Κατσορίδας, Δημήτρης Α.
Corporate Author: Πανεπιστήμιο Αιγαίου Σχολή Επιστημών της Διοίκησης Τμήμα Διοίκησης Επιχειρήσεων - Τ.Δ.Ε
Format: Thesis Book
Language:Greek
Published: 2020.
Subjects:
Tags: Add Tag
No Tags, Be the first to tag this record!

MARC

LEADER 00000cam a2200000 a 4500
001 1/121590
008 200618s2020####gr | ||| |||| ||gre||
040 |a GR-MyUa  |b gre  |c GR-MyUa  |e AACR2 
041 0 |a gre 
082 7 |a 331.88009495   |2 (23)  
100 1 |a Κατσορίδας, Δημήτρης Α. 
245 0 2 |a Η σύνθεση της εργατικής τάξης στην Ελλάδα και το ζήτημα της συνδικαλιστικής εκπροσώπησης/   |c Κατσορίδας Δημήτρης Α. ; συμβουλευτική επιτροπή Λαγός Δημήτρης, Οικονομάκης Γιώργος, Κουζής Ιωάννης.  
260 |c 2020.  
300 |a 331 σ. :   |b διαγρ., πίν. ;   |c 30 εκ.  
500 |a Επταμελής επιτροπή: Λαγός Δημήτρης, Οικονομάκης Γιώργος, Κουζής Ιωάννης, Κωνσταντόπουλος Νικόλαος, Αργείτης Γεώργιος, Σακελλαρόπουλος Σπυρίδων, Γλαβέλη Νίκη.  
502 |a Διατριβή (διδακτορική) - Πανεπιστήμιο Αιγαίου, Χίος, 2020.  
504 |a Περιλαμβάνει βιβλιογραφία.  
650 0 |a Labor unions. 
650 0 |a Working class  |z Greece. 
650 0 |a Labor movement. 
650 0 |a Syndicalism. 
700 1 |a Λαγός, Δημήτρης Γ.  |e dgs 
700 1 |a Οικονομάκης, Γεώργιος Η.,   |d 1960-  |e dgs 
700 1 |a Κουζής, Γιάννης,  |e dgs 
710 1 |a Πανεπιστήμιο Αιγαίου  |b Σχολή Επιστημών της Διοίκησης  |b Τμήμα Διοίκησης Επιχειρήσεων - Τ.Δ.Ε. 
852 |a INST  |b CHIOS  |c PHD  |e 20200618  |h 331.8809495 ΚΑΤ  |p 005200039186  |q 005200039186  |t BK  |y 23 
920 |a Κατσορίδας   |b Δημήτρης Α.   |y Χίος  |z 2020-06 
970 |a Παροικάκη  |b Βασιλική  |z 18-06-2020